00882na a2200253 450000100060000000300080000600500170001400800410003102000150007204000250008704100080011208200240012010000230014424501170016724600550028426000340033930000290037344000200040249000420042250000360046450400200050065000530052074000550057320165MIRAKIL20181213155128.0170106b tu 000 0  a9757425524 aMilasbturcTR-AnCHP atur a382.9561bK26g 1997 aKarluk, S. Rıdvan aGümrük Birliği dönemecinde TürkiyebGümrük Birliği ne getirdi ne götürdü? cRıdvan Karluk aGümrük Birliği ne getirdi ne götürdü?  aAnkarabTurhan Kitabevic1997 axv, 436 s.btbl.c20 sm. aTurhan Kitapevi aEkonomik ve Sosyal Araştırmalarv8 aYapıt yazarından imzalıdır. aKaynakça var. aGümrük BirliğixEkonomik açızTürkiye aGümrük Birliği ne getirdi ne götürdü?